000 01059nam0a22002651 4500
001 v19\rc\1537533
005 20260406191348.0
035 _a(NLR Aleph) 004656098
090 _a3487405
_c3487405
100 _a20060620d1888 |||y0rusy50 ca
101 0 _arus
102 _aRU
105 _ay z |||||
200 1 _aИнструкция для военно-подготовительных занятий в кадетских корпусах
_eК Приказу по военно-учеб. заведениям 29 мая 1888 г. № 38
210 _aСанкт-Петербург
_d1888
215 _a18 с.
_d24
300 _aПеч. по распоряжению Гл. упр. воен. учеб. заведений
710 0 1 _aРоссия
_bГлавное управление военно-учебных заведений
_3RU\NLR\AUTH\889953504
_9403034
801 0 _aRU
_bNLR
_gpsbo
801 0 _aRU
_bRuMoRGB
_2psbo
801 1 _aRU
_bProSoft-M
_2rusmarc
852 _aNLR
_j18.198.2.330
899 _aRuMoRGB
_jΔ 395/145
942 _cBOOK
980 _aNB